000 01952nas1a22002891i 4500
001 RU\NLR\INFOCOMM15\1000137801
005 20240726043331.0
035 _a(NLR Aleph) 002595807
090 _a3399909
_c3399909
100 _a20040617b19681969|||y0rusy50 ca
101 0 _arus
102 _aRU
110 _azyu||||0|y0
200 1 _aПереводы иностранной литературы
_iСерия: Электронно-лучевые и фото-электрические приборы
_fМ-во электронной пром-сти СССР. Ин-т "Электроника"
210 _aМ.
_d1968-1969
309 _aОтпеч. множит. аппаратом
801 1 _aRU
_bInfoComm
_c20040617
801 0 _aRU
_bNLR
_gPSBO
852 _aNLR
_jП51/437
942 _cSE
980 _aRUSPER